Statystyki dla kraje europejskie

Kliknij tutaj aby rozwiązać quiz!

Ogólne statystyki

  • Ten quiz został rozwiązany 55 razy
  • Średni wynik to 37 z 44

Statystyki odpowiedzi

HintOdpowiedź% Poprawnych
putinrosja
100%
wódkapolska
96%
londynwielka brytania
96%
bułbułgaria
94%
czeczechy
94%
dandania
94%
frfrancja
94%
litlitwa
94%
nieniemcy
94%
słosłowacja
94%
szwszwecja
94%
pizzawlochy
94%
biabiałoruś
92%
estestonia
92%
nornorwegia
92%
ukrukraina
92%
chochorwacja
90%
finfinlandia
90%
grgrecja
90%
holholandia
90%
macmacedonia
90%
belbelgia
88%
irirlandia
88%
słowenia
88%
hishiszpania
85%
isislandia
85%
porportugalia
85%
ausaustria
83%
bosbosnia
83%
lukluksemburg
83%
serserbia
83%
szwszwajcaria
83%
watwatykan
83%
sansan marino
81%
koskosowo
79%
lotlotwa
79%
cycypr
77%
andandora
75%
czaczarnogóra
73%
malmalta
73%
molmołdawia
67%
monmonako
67%
lieLiechtenstein
63%
mafiaalbania
44%

Rozkład punktacji

Percentyl według liczby udzielonych odpowiedzi

Procent ludzi z każdym wynikiem

Twoja historia wyników

Nie rozwiązałeś tego quizu